000
00267nam a22001217a 4500
082
_a
621.3 DAW
100
_a
DAWES CHESTER L
_9
9393
245
_a
DAWES ELECTRICAL ENGINEERING
250
_a
4TH
260
_a
TOKYO
_b
MCGRAW HILL
_c
1952
300
_a
707P
942
_c
BK
999
_c
582738
_d
582738